| 000 | 00389nam a22001457a 4500 | ||
|---|---|---|---|
| 003 | OSt | ||
| 008 | 200715b ||||| |||| 00| 0 eng d | ||
| 100 | _aGohil, ChiragKumar. J | ||
| 245 | _aFundamentals of Pharmacy (For GPAT & NIPER) | ||
| 250 | _a2018 | ||
| 260 |
_aNew Delhi _bI P Innovative |
||
| 300 | _a69 | ||
| 650 | _aPharmaceutics (Dispensing and General Pharmacy | ||
| 942 |
_2ddc _cBK |
||
| 999 |
_c8992 _d8992 |
||